|
|
|
|
| LEADER |
00000cam a2200000 7i4500 |
| 001 |
0000000063 |
| 005 |
20240919.0 |
| 008 |
991122 cau eng |
| 020 |
|
|
|a 875898092
|
| 040 |
|
|
|a INS
|b eng
|e rda
|
| 090 |
0 |
0 |
|a LB1031
|b .N45 1981
|
| 245 |
0 |
0 |
|a Improving mathematics skills
|c Geoffrey Akst, editor
|
| 264 |
|
1 |
|a San Fransisco :
|b Jossey-Bass
|c 1981
|
| 300 |
|
|
|a 138 pages :
|b illustrations ;
|c 23 cm.
|
| 336 |
|
|
|a text
|2 rdacontent
|
| 337 |
|
|
|a unmediated
|2 rdamedia
|
| 338 |
|
|
|a volume
|2 rdacarrier
|
| 440 |
|
0 |
|a (New direction for college learning assisstant
|x no. 6, December 1981)
|
| 500 |
|
|
|a Includes index
|
| 650 |
|
0 |
|a Mathematical ability
|
| 700 |
1 |
|
|a Akst, Geoffrey ,
|e editor
|
| 999 |
|
|
|a 0000002329
|b BOOK
|c Open Shelf
|e Default branch
|